| 000 | 02435nam0a2200397 4500 | ||
|---|---|---|---|
| 001 | RU\NLR\BIBL_A\021965850 | ||
| 005 | 20230703171935.0 | ||
| 010 |
_a978-5-85006-412-9 _91000 |
||
| 021 |
_aRU _bКН-П-23-033031 _9КН-П-23-3278 |
||
| 035 | _a(NLR Aleph) 021965850 | ||
| 035 | _a(RuMoRGB)011803788 | ||
| 090 |
_a12339388 _c12339388 |
||
| 100 | _a20230620d2023 u y0rusy50 ca | ||
| 101 | 1 |
_arus _ceng |
|
| 102 | _aRU | ||
| 105 | _aa|||j|||001zy | ||
| 181 | 0 |
_ai _baxxe |
|
| 182 | 0 | _an | |
| 200 | 1 |
_aЭкономика труда _eучебник для студентов, обучающихся по экономическим направлениям и специальностям, а также для студентов бакалавриата, магистратуры, аспирантов, преподавателей экономических факультетов вузов _fДжордж Х. Борхас _gперевод с английского под научной редакцией К. Сосунова _gРоссийская академия народного хозяйства и государственной службы при Президенте Российской Федерации |
|
| 203 |
_aТекст _bвизуальный _cнепосредственный |
||
| 210 |
_aМосква _cДело _d2023 |
||
| 215 |
_aXXI, 696, [1] с. _cил., табл. _d27 |
||
| 225 | 1 | _aСерия "Академический учебник" | |
| 300 | _aЗагл. и авт. ориг.: Labor economics / George J. Borjas | ||
| 300 | _aНа 4-й с. обл. авт.: Джордж Х. Борхас, проф. экономики и обществ. политики, д-р экономики | ||
| 320 | _aБиблиогр. в конце гл. и в подстроч. примеч. | ||
| 320 | _aПредм. указ.: с. 663-697 | ||
| 320 | _aДр. произведения авт. на 4-й с. обл. | ||
| 454 | 0 |
_12001#$aLabor economics$fGeorge J. Borjas _1700#1$aBorjas$bG. J.$gGeorge J. _tLabor economics _aBorjas, George J. |
|
| 606 | 1 |
_aЭкономика труда _jУчебники для высших учебных заведений _92527757 _3RU\NLR\AUTH\6601711491 |
|
| 686 | 1 | _aУ24(0)я73 | |
| 700 | 1 |
_aБорхас _bД. Х. _gДжордж Х |
|
| 942 | _cBOOK | ||
| 980 | _aNB | ||